000 01000nam a2200289 a 4500
001 71873
003 BD-RjUL
005 20211209082155.0
008 170508s1969 njua 001 0 eng d
035 _a(BD-RjUL)72089
040 _aDLC/ICU
_cICU
_dBD-RjUL
_beng
041 _aeng
082 0 4 _a537
_223
_bPAP 1969
100 1 _aPage, Leigh,
_d1884-
_9398
245 1 0 _aPrinciples of electricity :
_ban intermediate text in electricity and magnetism /
_cLeigh Page and Norman Ilsley Adams
250 _a4th ed.
260 _aPrinceton, N. J. :
_bVan Nostrand.
_cc1969
300 _axi, 532 p. :
_bill. ;
_c24 cm.
490 0 _aUniversity physics series
526 _bPure Science
650 0 _aElectricity.
_9400
650 0 _aElectromagnetism.
_9401
700 1 _aAdams, Norman Ilsley,
_d1895-1985,
_ejoint author.
_9402
830 _aUniversity physics series
_9156935
856 4 2 _uhttp://www.worldcat.org/title/principles-of-electricity-an-intermediate-t
_yWorldCat Details
942 _2ddc
_cBK
999 _c71873
_d71873